Mistrz perswazji : 500 zasad psychologii sprzedaży /

Kaydedildi:
Detaylı Bibliyografya
Yazar: Vaknin, Shlomo
Diğer Yazarlar: Machnik, Marcin (Tłumaczenie)
Materyal Türü: Kitap
Dil:Lehçe
İngilizce
Baskı/Yayın Bilgisi: Gliwice : Wydawnictwo Helion, cop. 2012.
Seri Bilgileri:Onepress Power
Konular:
Etiketler: Etiketle
Etiket eklenmemiş, İlk siz ekleyin!

MARC

LEADER 00000nam a2200000 i 4500
001 9910197256905606
005 20260515100513.0
008 130412s2012 pl |000 0 pol
009 b0000002880403
015 |a UWD 2013/11406 
020 |a 9788324633050 
035 |a 991015965809705066 
035 |a (PL-WaBN)b2880403x-48omnis_nlop 
035 |a b2880403x 
035 |a (OCoLC)804437235 
035 |a xx002378916 
035 |a (PL)b0000002880403 
040 |a WA N  |c WA N 
041 1 |a pol  |h eng 
080 |a 316.6 
080 |a 658.8 
084 |a 03 
100 1 |a Vaknin, Shlomo 
245 1 0 |a Mistrz perswazji :  |b 500 zasad psychologii sprzedaży /  |c Shlomo Vaknin ; [tł. Marcin Machnik]. 
246 1 |i Tyt. oryg.:  |a Persuasion mastery :  |b 500 practical lessons in the psychology of sales,  |f 2009 
260 |a Gliwice :  |b Wydawnictwo Helion,  |c cop. 2012. 
300 |a 461, [2] s. ;  |c 25 cm. 
336 |a Tekst  |b txt  |2 rdacontent 
337 |a Bez urządzenia pośredniczącego  |b n  |2 rdamedia 
338 |a Wolumin  |b nc  |2 rdacarrier 
380 |a Książki 
490 1 |a Onepress Power 
650 7 |a Perswazja  |2 DBN 
650 7 |a Techniki sprzedaży  |2 DBN 
655 7 |a Poradnik  |2 DBN 
700 1 |a Machnik, Marcin  |e Tłumaczenie 
710 2 |a Helion  |4 pbl 
830 0 |a Onepress Power 
942 |2 ddc  |c BK  |n 0 
952 |0 0  |1 0  |2 ddc  |4 0  |6 W__18_000000000000000  |7 0  |9 6  |a WRO  |b WRO  |d 2026-04-10  |e da  |g 10.00  |i WRO-018  |l 0  |o W.18  |p 2000100000182  |r 2026-04-10 20:25:00  |v 10.00  |w 2026-04-10  |y BK 
999 |c 6  |d 6